000 00275nam a22001217a 4500
008 170710b xxu||||| |||| 00| 0 eng d
041 _aeng
080 _a82
100 _a22
101 _aGJL
245 _aRULES FOR THE DIRECTION OF THE MIND
_cDESCARTES,R
942 _2udc
_cBK
999 _c20103
_d20103